Formulación y solución de casos de investigación de operaciones: un enfoque práctico (Registro nro. 4121)

Detalles MARC
000 -Cabecera
Campo de control de longitud fija 02205nam a22006377a 4500
005 - Fecha y hora de la última transacción
Campo de control 20251113150735.0
008 - Elementos de longitud fija--Información general
Campo de control de longitud fija 150311b2004 xxu||||| |||| 00| 0 spa d
020 ## - International Standard Book Number
Número Internacional Estándar del Libro (ISBN) 9977677468
041 ## - Idioma
Código de idioma Español
082 ## - Clasificación Decimal Dewey
Número de clasificación 658.403.4 C845f
100 ## - Entrada principal--Autor personal
Nombre personal Coto Chinchilla, Elizabeth
9 (RLIN) 9475
245 ## - Título propiamente dicho
Título Formulación y solución de casos de investigación de operaciones: un enfoque práctico
260 ## - Pie de imprenta
Lugar de publicación, distribución, etc. Costa Rica
260 ## - Pie de imprenta
Nombre del editor, distribuidor, etc. UCR
260 ## - Pie de imprenta
Fecha de publicación, distribución, etc. 2004
300 ## - Descripción física
Extensión 139 páginas
490 ## - Serie
Título de la Serie Dirección y Administración de Empresas
650 ## - Materia general
Temática (materia general) INVESTIGACIÓN DE OPERACIONES
650 ## - Materia general
Temática (materia general) PRESENTACIÓN DE CASOS
650 ## - Materia general
Temática (materia general) CASO COMPONENTES ELÉCTRICOS
650 ## - Materia general
Temática (materia general) CASO FÁBRICA DE PISOS
650 ## - Materia general
Temática (materia general) CASO MUEBLERÍA
650 ## - Materia general
Temática (materia general) CASO HULES LTDA
650 ## - Materia general
Temática (materia general) CASO PASTELERÍA
650 ## - Materia general
Temática (materia general) CASO PANADERÍA
650 ## - Materia general
Temática (materia general) CASO FÁBRICA DE CAJETAS
650 ## - Materia general
Temática (materia general) CASO FÁBRICA DE MUEBLES
650 ## - Materia general
Temática (materia general) CASO TEXTILERA
650 ## - Materia general
Temática (materia general) CASO FABRICANTE DE HARDWARE
650 ## - Materia general
Temática (materia general) CASO FÁBRICA DE PINTURAS
650 ## - Materia general
Temática (materia general) CASO FÁBRICAS DE TOSTELES
650 ## - Materia general
Temática (materia general) CASO FÁBRICA DE TÉMPERAS
650 ## - Materia general
Temática (materia general) CASO FÁBRICA DE ALIMENTOS
650 ## - Materia general
Temática (materia general) CASO CICLO S.A
650 ## - Materia general
Temática (materia general) CASO LOCALIZADORES
650 ## - Materia general
Temática (materia general) CASO TIENDA Y SASTRERÍA
650 ## - Materia general
Temática (materia general) PROPUESTAS DE SOLUCION
650 ## - Materia general
Temática (materia general) SOLUCIÓN DEL CASO COMPONENTES ELÉCTRICOS
650 ## - Materia general
Temática (materia general) SOLUCIÓN DEL CASO FÁBRICA DE PISOS
650 ## - Materia general
Temática (materia general) SOLUCIÓN DEL CASO MUEBLERÍA
650 ## - Materia general
Temática (materia general) SOLUCIÓN DEL CASO HULES LTDA
650 ## - Materia general
Temática (materia general) SOLUCIÓN DEL CASO PASTELERÍA
650 ## - Materia general
Temática (materia general) SOLUCIÓN DEL CASO PANADERÍA
650 ## - Materia general
Temática (materia general) SOLUCIÓN DEL CASO FÁBRICA DE CAJETAS
650 ## - Materia general
Temática (materia general) SOLUCIÓN DEL CASO FÁBRICA DE MUEBLES
650 ## - Materia general
Temática (materia general) SOLUCIÓN DEL CASO TEXTILERA
650 ## - Materia general
Temática (materia general) SOLUCIÓN DEL CASO FABRICANTE DE HARDWARE
650 ## - Materia general
Temática (materia general) SOLUCIÓN DEL CASO FÁBRICA DE PINTURAS
650 ## - Materia general
Temática (materia general) SOLUCIÓN DEL CASO FÁBRICA DE TOSTELES
650 ## - Materia general
Temática (materia general) SOLUCIÓN DEL CASO FÁBRICA DE TÉMPERAS
650 ## - Materia general
Temática (materia general) SOLUCIÓN DEL CASO FÁBRICA DE ALIMENTOS
650 ## - Materia general
Temática (materia general) SOLUCIÓN DEL CASO CICLO S.A
650 ## - Materia general
Temática (materia general) SOLUCIÓN DEL CASO LOCALIZADORES
650 ## - Materia general
Temática (materia general) SOLUCIÓN DEL CASO TIENDA Y SASTRERÍA
942 ## - Punto de acceso adicional KOHA
Tipo de ítem KOHA Libro
Fuente del sistema de clasificación o colocación Dewey Decimal Classification
Existencias
Signatura completa Código de barras Programa Académico Tipo de ítem
658.403.4 C845f 18183 Dirección y Administración de Empresas Libro
658.403.4 C845f 18184 Dirección y Administración de Empresas Libro
658.403.4 C845f 19363 Dirección y Administración de Empresas Libro